El tiempo, el sol, la luna y las estrellas /

Bibliographic Details
Main Author: Schweinitz, Dagmar von
Format: Book
Language:Spanish
Published: Barcelona : Ediciones Toray, 1981.
Series:Nino pregunta. Serie especial ; 1.
Subjects:

MARC

Tag First Indicator Second Indicator Subfields
LEADER 00000cam a2200000 a 4500
001 in00000015567
005 20151007052538.0
008 840829s1981 sp a j 00010 spa d
020 |a 8431023341 
035 |a (OCoLC)11101004 
035 |9 AAA8237AM 
040 |a LXP  |c LXP  |d TXA  |d UtOrBLW 
041 1 |a spa  |h ger 
049 |a [Curr Col] TXAM  |c [A11042753] 
050 4 |a QC981.3  |b .S3818 1981 
100 1 |a Schweinitz, Dagmar von. 
240 1 0 |a Kinder-fragen wetter.  |l Spanish 
245 1 3 |a El tiempo, el sol, la luna y las estrellas /  |c textos: Dagmar von Schweinitz ; selección ilustraciones: Helmut Krüger ; traducción española: Mariano y Rafael Orta. 
264 1 |a Barcelona :  |b Ediciones Toray,  |c 1981. 
300 |a 59 pages :  |b color illustrations ;  |c 26 cm. 
336 |a text  |b txt  |2 rdacontent 
337 |a unmediated  |b n  |2 rdamedia 
338 |a volume  |b nc  |2 rdacarrier 
490 1 |a El niño pregunta. Serie especial ;  |v 1 
500 |a Título original: Kinder-fragen wetter. 
650 0 |a Weather  |v Miscellanea. 
600 0 |a Sun  |x Miscellanea. 
651 0 |a Moon  |v Miscellanea. 
650 0 |a Stars  |x Miscellanea. 
740 3 |a El sol, la luna y las estrellas. 
830 0 |a Nino pregunta.  |p Serie especial ;  |v 1. 
999 |a MARS 
999 f f |s 68ab7680-fd11-3c64-a28e-1e171d3582b3  |i 26134fe9-f0f5-342e-9a03-bb30ca1401c5  |t 0 
952 f f |p normal  |a Texas A&M University  |b College Station  |c Sterling C. Evans Library  |d Evans: Curriculum Collection (4th floor)  |t 0  |e QC981.3 .S3818 1981  |h Library of Congress classification  |i unmediated -- volume  |m A14811042753 
998 f f |a QC981.3 .S3818 1981  |t 0  |l Evans: Curriculum Collection (4th floor)